Country Connect by CO2 Emmissions per Capita - Statistics

General Stats
  • This quiz has been taken 27 times
  • The average score is 106 of 156
Answers on the Map
Answers color-coded by a green-red scale on the quiz's map according to % correct below.
 
Answer Stats
Country % Correct
Qatar
100%
Iran
95%
Iraq
95%
Kuwait
95%
Saudi Arabia
95%
Belarus
90%
Belgium
90%
Czech Republic
90%
Estonia
90%
Germany
90%
Kazakhstan
90%
Latvia
90%
Luxembourg
90%
Netherlands
90%
Poland
90%
Russia
90%
Turkmenistan
90%
France
85%
Albania
80%
Algeria
80%
Andorra
80%
Austria
80%
Bosnia and Herzegovina
80%
Bulgaria
80%
Croatia
80%
Egypt
80%
Georgia
80%
Greece
80%
Hungary
80%
Israel
80%
Italy
80%
Jordan
80%
Kosovo
80%
Lebanon
80%
Libya
80%
Liechtenstein
80%
Moldova
80%
Montenegro
80%
Morocco
80%
North Macedonia
80%
Portugal
80%
Romania
80%
San Marino
80%
Serbia
80%
Slovakia
80%
Slovenia
80%
Spain
80%
Switzerland
80%
Syria
80%
Turkey
80%
Ukraine
80%
Angola
75%
Armenia
75%
Azerbaijan
75%
Benin
75%
Botswana
75%
Burkina Faso
75%
Burundi
75%
Cameroon
75%
Chad
75%
Central African Republic
75%
Djibouti
75%
D. R. Congo
75%
Equatorial Guinea
75%
Eritrea
75%
Ethiopia
75%
Gabon
75%
Ghana
75%
Guinea
75%
Ivory Coast
75%
Kenya
75%
Liberia
75%
Malawi
75%
Mali
75%
Mauritania
75%
Mozambique
75%
Namibia
75%
Niger
75%
Nigeria
75%
Rep. of the Congo
75%
Rwanda
75%
Senegal
75%
Somalia
75%
South Africa
75%
South Sudan
75%
Sudan
75%
Tanzania
75%
Togo
75%
Uganda
75%
Zambia
75%
Zimbabwe
75%
Gambia
70%
Guinea-Bissau
70%
Sierra Leone
70%
Eswatini
65%
Lesotho
65%
Tunisia
65%
Monaco
60%
Argentina
55%
Bolivia
55%
Brazil
55%
Chile
55%
Colombia
55%
Costa Rica
55%
Ecuador
55%
El Salvador
55%
Guatemala
55%
Guyana
55%
Honduras
55%
Mexico
55%
Nicaragua
55%
Panama
55%
Peru
55%
Suriname
55%
Venezuela
55%
Belize
50%
Canada
50%
Denmark
50%
Finland
50%
Lithuania
50%
Norway
50%
Paraguay
50%
Sweden
50%
United States
50%
Uruguay
50%
Afghanistan
45%
Bangladesh
45%
Bhutan
45%
Brunei
45%
Cambodia
45%
China
45%
Papua New Guinea
45%
United Arab Emirates
45%
East Timor
45%
India
45%
Indonesia
45%
Ireland
45%
Kyrgyzstan
45%
Laos
45%
Malaysia
45%
Mongolia
45%
Myanmar
45%
Nepal
45%
North Korea
45%
Oman
45%
Pakistan
45%
South Korea
45%
Tajikistan
45%
Thailand
45%
Uzbekistan
45%
Vietnam
45%
Yemen
45%
Dominican Republic
40%
Haiti
40%
United Kingdom
40%
Vatican City
35%
No matching quizzes found
Score Distribution
Percent of People with Each Score
Percentile by Number Answered
Your Score History
You have not taken this quiz